Социалистическая Республика Вьетнам: [справочник]; пер. с фр.

書誌詳細
その他の著者: Воронов А. Б. (переводчик), Перевалов Д. А. (редактор), Туманов А. В., Хыу Нгок, Куколев Ю. И.
要約:Справочник содержит сведения по геграфии, экономике, политике и культуре Социалистической Республике Вьетнам. Дается краткий исторический очерк и приводятся туристические сведения.
言語:ロシア語
出版事項: Москва, Прогресс, 1982
主題:
フォーマット: 図書
KOHA link:https://koha.lib.tpu.ru/cgi-bin/koha/opac-detail.pl?biblionumber=310144

MARC

LEADER 00000nam0a2200000 4500
001 310144
005 20231102002247.0
020 |a RU  |b 82-10249 
035 |a (RuTPU)RU\TPU\book\335485 
090 |a 310144 
100 |a 20151121d1982 km y0rusy5003 ca 
101 1 |a rus  |c fre 
102 |a RU 
105 |a a g 000zy 
200 1 |a Социалистическая Республика Вьетнам  |d La republique socialiste du Vietnam  |e [справочник]  |e пер. с фр.  |f пер. А. Б. Воронова , Д. А. Перевалова , А. В. Туманова ; под ред. Хыу Нгока , Ю. И. Куколева 
210 |a Москва  |c Прогресс  |d 1982 
215 |a 264 с.  |c ил., 25 л. ил., нот. 
330 |a Справочник содержит сведения по геграфии, экономике, политике и культуре Социалистической Республике Вьетнам. Дается краткий исторический очерк и приводятся туристические сведения. 
510 1 |a La republique socialiste du Vietnam  |z fre 
606 1 |a Вьетнам  |x История  |2 stltpush  |3 (RuTPU)RU\TPU\subj\69047  |9 84046 
606 1 |a Страноведение  |2 stltpush  |3 (RuTPU)RU\TPU\subj\57185  |9 75048 
610 1 |a география 
610 1 |a экономика 
610 1 |a политика 
610 1 |a политика 
610 1 |a образование 
610 1 |a здравоохранение 
610 1 |a наука 
610 1 |a техника 
610 1 |a культура 
610 1 |a спорт 
610 1 |a литература 
610 1 |a искусство 
610 1 |a внешняя политика 
610 1 |a туризм 
610 1 |a достопримечательности 
610 1 |a ландшафты 
610 1 |a справочники 
675 |a 91  |z rus  |v 3 
686 |a Т3(5Вье)  |2 rubbk 
702 1 |a Воронов  |b А. Б.  |4 730 
702 1 |a Перевалов  |b Д. А.  |4 730 
702 1 |a Туманов  |b А. В.  |4 730 
702 0 |a Хыу Нгок  |4 340 
702 1 |a Куколев  |b Ю. И.  |4 340 
801 0 |a RU  |b RuMRKP  |c 19950704  |g psbo 
801 1 |a RU  |b 63413507  |c 20151121 
801 2 |a RU  |b 63413507  |c 20170405  |g RCR 
942 |c BK